| 000 | 00506nam a22001577a 4500 | ||
|---|---|---|---|
| 003 | SGT | ||
| 020 | _a812250079X | ||
| 082 | _a658.8958,MAM | ||
| 100 | _aMAMORIA C. B | ||
| 245 | _aPRINCIPLES AND PRACTICE OF MARKETING IN INDIA | ||
| 260 |
_aNEW DELHI _bKITAB MAHAL _c2013 |
||
| 300 | _a916 | ||
| 650 | _aMARKETING | ||
| 653 | _aSETTING FOR MARKETING, EVOLUTION, CLASSIFICATION AND APPROACH OF MARKETING, MARKETING CONCEPT,SYSTEM AND MIX,MARKETING PF MANUFACTURED CONSUMER GOODS | ||
| 942 |
_2ddc _cFCM _010 |
||
| 999 |
_c9111 _d9111 |
||